Orden del Obispo Manuel Fernández al licenciado don Juan de Olivares para el buen recibimiento de don Miguel Calderón

Detalles Bibliográficos
Otros Autores: don Juan de Olivares
Formato: Libro
Publicado: Puebla de los Ángeles, 1693
Materias:
Colección:Banco de datos
Acervo:Biblioteca Palafoxiana. Colección de Manuscritos
Descripción Física:1 f. ; 21 x 31 cm.
Tema general:Civil
LEADER 00472nam a22001450004500
035 |a 2893 
245 1 0 |a Orden del Obispo Manuel Fernández al licenciado don Juan de Olivares para el buen recibimiento de don Miguel Calderón  
260 |a Puebla de los Ángeles, 1693 
300 |a 1 f. ; 21 x 31 cm. 
650 1 0 |a Civil 
700 1 |a don Juan de Olivares 
949 |a R469/032 
942 |c PALAMANU 
943 |g Biblioteca Palafoxiana. Colección de Manuscritos 
999 |c 1070838  |d 1070838